• 首页
  • 本馆介绍
  • 公告通知
  • 最新文献
  • 馆藏检索
  • 电子资源
  • 读者导购
  • 参考咨询
  • 我的图书馆
  • 登录
  • 详细信息显示
  • 放入我的书架
  • 预约/预借图书
  • 作者相关作品
  • 分类相关作品
  • 丛书相关作品
  • 出版社相关作品

书目信息

  • 表格格式
  • 工作单格式
  • 卡片格式
题名:
钢琴弹唱的秘密
    
 
作者: 陈俊宇 著
分册:  
出版信息: 上海   上海音乐出版社  2014
页数: 125页
开本: 31cm
丛书名:
单 册:
中图分类: J624.16 , J647.41
科图分类:
主题词: 钢琴--gang qin--奏法 , 流行歌曲--liu xing ge qu--钢琴--改编曲--中国--选集
电子资源:
ISBN: 978-7-5523-0647-7
000 01004nam0 2200289 450
001 340502
005 20150625155021.32
010    @a978-7-5523-0647-7@dCNY45.00
010    @a978-7-88880-197-4@b光盘
100    @a20150410d2014 em y0chiy50 ea
101 0  @achi
102    @aCN@b310000
105    @acg z 000yy
106    @ar
200 1  @a钢琴弹唱的秘密@Agang qin tan chang de mi mi@d= The secret of piano@e五线谱教学/简谱乐曲版@f陈俊宇著@zeng
210    @a上海@c上海音乐出版社@c上海文艺音像电子出版社@d2014
215    @a125页@c肖像, 乐谱@d31cm@e光盘1片
306    @a台湾卓著出版社授权出版
330    @a本书提供流行钢琴独奏的基本概念。全书共分四部分, 分别为: 和弦音型、和弦分解、旋律美化、过门尾奏。
510 1  @aSecret of piano@zeng
606 0  @a钢琴@Agang qin@x奏法
606 0  @a流行歌曲@Aliu xing ge qu@x钢琴@x改编曲@y中国@j选集
690    @aJ624.16@v5
690    @aJ647.41@v5
701  0 @a陈俊宇@Achen jun yu@4著
801  0 @aCN@b卓展宏图@c20150525
905    @dJ624.16@e276@f4
    
    钢琴弹唱的秘密= The secret of piano:五线谱教学/简谱乐曲版/陈俊宇著.-上海:上海音乐出版社:上海文艺音像电子出版社,2014
    125页:肖像, 乐谱;31cm+光盘1片
    
    
    ISBN 978-7-5523-0647-7:CNY45.00
    本书提供流行钢琴独奏的基本概念。全书共分四部分, 分别为: 和弦音型、和弦分解、旋律美化、过门尾奏。
●
相关链接 在E读中查询图书 在五车中查询图书 在当当中查询图书 在豆瓣中查询图书


正题名:钢琴弹唱的秘密     索取号:J624.16/276         预约/预借

序号 登录号 条形码 馆藏地/架位号 状态 备注
1 865929   208659290   第一样本阅览室/ [索取号:J624.16/276] 在馆    
2 865930   208659307   第一借阅区/ [索取号:J624.16/276] 在馆    
3 865931   208659316   第一借阅区/ [索取号:J624.16/276] 在馆    
4 865932   208659325   音乐系资料室/ [索取号:J624.16/276] 在馆    
唐山师范学院图书馆 欢迎您!
大连网信软件有限公司© 版权所有